000 00473nam a22001817a 4500
003 CEME
005 20210628202449.0
008 210122b xxu||||| |||| 00| 0 eng d
020 _a1-84112-513-X
040 _c.
082 _a658 LAN
100 _aLangdon, Ken
_960012
245 _aThe 100 greatest business ideas of all time
260 _aNEW YORK
_bCAPSTONE
_c2003
300 _aXI,173 P
650 _aGREATEST BUSINESS IDEAS OF ALL TIME
_960013
942 _cBK
_2ddc
999 _c569856
_d569856